000 00319 a2200145 4500
001 152022
040 _cEscola São Tomás de Aquino
100 _aGARLAND, Sally Anne
240 1 0 _aDividir
_lpor
245 1 0 _aDividir
362 0 _a2013
440 1 _aCiranda Cultural
697 _a*LITERATURA INFANTO
942 _cBK
999 _c152022
_d152022